000 00513nam a2200217Ia 4500
003 OSt
005 20221005122252.0
006 a|||||r|||| 00| 0
007 ta
008 221004b |||||||| |||| 00| 0 eng d
024 _a116674
037 _cTextual
040 _aCRL
_cCRL
_beng
041 _2eng
_aeng
100 _aSingh Harmeet
_9631745
245 0 _aItihasik punjabi novel
260 _c1977
650 _aPUNJABI LITERATURE
942 _cTEXL
_2cc
999 _c1043792
_d1043792